Statystyki dla Wymień polskie, w których jeżdżą tramwaje

Kliknij tutaj aby rozwiązać quiz!

Ogólne statystyki

  • Ten quiz został rozwiązany 41 razy
  • Średni wynik to 5 z 7

Statystyki odpowiedzi

Odpowiedź% Poprawnych
Warszawa
100%
Kraków
97%
Wrocław
95%
Poznań
89%
Katowice
84%
Olsztyn
55%
Elbląg
21%

Rozkład punktacji

Percentyl według liczby udzielonych odpowiedzi

Procent ludzi z każdym wynikiem

Twoja historia wyników

Nie rozwiązałeś tego quizu